| 000 | 02788nam a2200433 i 4500 | ||
|---|---|---|---|
| 001 | 193207 | ||
| 003 | SpMaBN | ||
| 005 | 20251222203951.0 | ||
| 007 | ta | ||
| 008 | 231004s2022 sp a | |||| 000 0dspa | ||
| 017 |
_aB 2337-2013 _bOficina Depósito Legal Barcelona |
||
| 020 |
_a9788432215483 _z973-84-322-1548-3 |
||
| 035 | _a(OCoLC)834483205 | ||
| 035 | _aa5337661 | ||
| 040 |
_aSpMaBN _bspa _cSpMaBN _erdc _dEs-MaACL |
||
| 080 | _a929 Curie, Marie | ||
| 080 | _a821.134.2-94"19" | ||
| 100 | 1 |
_aMontero, Rosa, _d1951- _0XX968899 _eaut _982503 |
|
| 245 | 1 | 3 |
_aLa ridícula idea de no volver a verte / _cRosa Montero |
| 250 | _aPrimera edición ; vigesimoctava impresión: diciembre de 2022 | ||
| 260 |
_a[Barcelona] : _bSeix Barral, _c2022 |
||
| 300 |
_a237 páginas : _bilustraciones ; _c23 cm |
||
| 336 |
_aTexto (visual) _2isbdcontent |
||
| 337 |
_asin mediación _2isbdmedia |
||
| 338 |
_2rdacarrier _avolumen |
||
| 490 | 1 | _aBiblioteca breve | |
| 500 | _aÍndice | ||
| 505 | 0 | _aDiario de Marie Curie, p. 215-233 | |
| 520 | _aCuando Rosa Montero leyó el maravilloso diario que Marie Curie comenzó tras la muerte de su esposo, y que se incluye al final de este libro, sintió que la historia de esa mujer fascinante que se enfrentó a su época le llenaba la cabeza de ideas y emociones. La ridícula idea de no volver a verte nació de ese incendio de palabras, de ese vertiginoso torbellino. Al hilo de la extraordinaria trayectoria de Curie, Rosa Montero construye una narración a medio camino entre el recuerdo personal y la memoria de todos, entre el análisis de nuestra época y la evocación íntima. Son páginas que hablan de la superación del dolor, de las relaciones entre hombres y mujeres, del esplendor del sexo, de la buena muerte y de la bella vida, de la ciencia y de la ignorancia, de la fuerza salvadora de la literatura y de la sabiduría de quienes aprenden a disfrutar de la existencia con plenitud y con ligereza. Vivo, libérrimo y original, este libro inclasificable incluye fotos, remembranzas, amistades y anécdotas que transmiten el primitivo placer de escuchar buenas historias. Un texto auténtico, emocionante y cómplice que te atrapará desde sus primeras páginas. | ||
| 600 | 1 | 4 |
_aCurie, Marie, _d1867-1934 _9242639 |
| 830 |
_aBiblioteca breve (Seix Barral) _9227188 |
||
| 852 |
_aES-MaACL _9200588 _bR.154574 _cDEPOJ _jN-9396 _gDedicatoria autógrafa de la autora _hDonación: Rosa Montero _xEncuadernación rústica con solapas |
||
| 903 |
_aMontero, Rosa, _d1951- _ednr _982503 |
||
| 942 |
_n0 _cMONOGRAFIA |
||
| 999 |
_c193207 _d193207 |
||